Benvenuto Cellini

Uloženo v:
Podrobná bibliografie
Hlavní autor: Heikamp, Detlef (Autor)
Médium: Kniha
Jazyk:španělština
Vydáno: Buenos Aires Viscontea 1980
Vydání:1a. ed
Edice:Los Grandes Escultores, 20
Témata:
Tagy: Přidat tag
Žádné tagy, Buďte první, kdo vytvoří štítek k tomuto záznamu!

MARC

LEADER 00000cam a2200000 a 4500
001 UCV9752
003 CL-VaPUC
008 930423e19800000AG |||||||||||||||||spa|d
082 0 4 |a 730.92  |b HEI  |2 21 
100 0 |a Heikamp, Detlef  |e author  |9 303777 
245 1 0 |a Benvenuto Cellini 
250 |a 1a. ed 
300 |a 16 p 
942 |c BK 
945 |d 19930423 00:00:00 
260 |a Buenos Aires  |b Viscontea  |c 1980 
600 0 7 |a CELLINI, BENVENUTO  |2 CL-VaPUC  |9 268678 
650 7 |a ESCULTORES ITALIANOS  |2 CL-VaPUC  |9 268616 
650 7 |a ESCULTORES RENACENTISTAS  |2 CL-VaPUC  |9 268617 
650 0 |a Renacimiento italiano  |9 268631 
650 0 |a Manierismo  |9 268679 
583 |a last modification  |c 20140319 08:19:14  |k Rodrigo Vera 
490 0 |a Los Grandes Escultores, 20 
999 |c 215052  |d 215050 
952 |0 0  |1 0  |4 0  |6 730_920000000000000_HEI_1980  |7 0  |8 A  |9 198976  |a BIBARQ  |b BIBARQ  |d 2019-11-14  |i 2663082  |o 730.92 HEI 1980  |p 2663082  |r 2025-01-20  |w 2019-11-14  |y BK  |k ARQ 
952 |0 0  |1 0  |4 0  |6 730_920000000000000_HEI_1980  |7 0  |8 A  |9 198977  |a BIBARQ  |b BIBARQ  |d 2019-11-14  |i 4127889  |o 730.92 HEI 1980  |p 4127889  |r 2025-01-20  |w 2019-11-14  |y BK  |k ARQ 
952 |0 0  |1 0  |3 erb  |4 0  |6 730_920000000000000_HEI_1980  |7 0  |8 A  |9 198978  |a BIBART  |b BIBART  |i 5044057  |o 730.92 HEI 1980  |p 5044057  |r 2025-03-13  |w 2019-11-14  |y BK  |z Catalogado en:20140324  |k ART